[Event "Belconnen op"]
[Site "Belconnen"]
[Date "2005.09.16"]
[Round "11"]
[White "Li, James"]
[Black "Shields, Peter"]
[Result "0-1"]
[WhiteElo "662"]
[BlackElo "503"]
[PlyCount "63"]
[EventDate "2005.07.08"]
[EventType "swiss"]
[EventRounds "11"]
[EventCountry "AUS"]
[SourceTitle "EXT 2007"]
[Source "ChessBase"]
[SourceDate "2006.11.23"]
[SourceVersion "1"]
[SourceVersionDate "2006.11.23"]
[SourceQuality "1"]

1. e4 c6 2. d4 d5 3. Nc3 Nf6 4. e5 Ng8 5. Be3 Bf5 6. f4 e6 7. Bd3 Bb4 8. Qd2 Ne7 9. a3 Ba5 10. 0-0-0 0-0 11. Nf3 h6 12. Nh4 Nd7 13. Nxf5 exf5 14. Bf2 Qc7 15. Be1 b5 16. Qf2 Bb6 17. Ne2 g6 18. Bb4 c5 19. dxc5 Nxc5 20. Bxc5 Bxc5 21. Qh4 Kh7 22. g4 b4 23. axb4 Bxb4 24. g5 h5 25. Ng3 Qa5 26. c3 Rac8 27. Kd2 d4 28. cxb4 Qxb4+ 29. Ke2 Qxb2+ 30. Rd2 Qb4 31. Rb1 Qa5 32. Rb5 0-1

[Event "Belconnen op"]
[Site "Belconnen"]
[Date "2005.07.15"]
[Round "2"]
[White "Shields, Peter"]
[Black "Reading, Michael"]
[Result "0-1"]
[WhiteElo "503"]
[BlackElo "1196"]
[PlyCount "44"]
[EventDate "2005.07.08"]
[EventType "swiss"]
[EventRounds "11"]
[EventCountry "AUS"]
[SourceTitle "EXT 2007"]
[Source "ChessBase"]
[SourceDate "2006.11.23"]
[SourceVersion "1"]
[SourceVersionDate "2006.11.23"]
[SourceQuality "1"]

1. e4 e5 2. Nf3 Nc6 3. Bc4 Bc5 4. c3 d6 5. d4 exd4 6. cxd4 Bb6 7. 0-0 Nf6 8. Qd3 Bg4 9. Bg5 Bxf3 10. d5 Ne5 11. Bb5+ c6 12. Qc2 Bxe4 13. Qc3 cxb5 14. Nd2 Bxd5 15. Rae1 Ba5 16. Qd4 Bxd2 17. Bxd2 Qd7 18. b3 0-0 19. Rc1 Qg4 20. Qc3 Qh4 21. Be3 Nfg4 22. Bd4 Qxh2# 0-1